| 000 | 00731cam a2200193 4500 | ||
|---|---|---|---|
| 001 | WB3624-18 | ||
| 008 | 000000n2000 000 0 eng u | ||
| 035 | _a(Sirsi) u106643 | ||
| 245 | _aE-commerce planning service | ||
| 260 | _c2000 | ||
| 490 |
_aDETR Press Release _v(421) 16 June 2000, (2) |
||
| 520 | _aThe Capital Modernisation Fund has given the Planning Inspectorate £3m to develop a planning internet service. The proposed scheme will make the handling of appeals and other casework more efficient. | ||
| 590 | _aWB | ||
| 650 | _aPLANNING INSPECTORATE | ||
| 650 | _aCAPITAL MODERNISATION FUND | ||
| 650 | _aINTERNET SERVICE | ||
| 690 | _aENVIRONMENTAL AND LAND CONSULTANCY-PLANNING AND DEVELOPMENT | ||
| 942 | _n0 | ||
| 999 |
_c63855 _d63855 |
||